Rational design and fatigue properties of robust rubber nanocomposites for a sustainable future (Record no. 75644)

MARC details
000 -LEADER
fixed length control field 00722nam a22002057a 4500
100 ## - MAIN ENTRY--AUTHOR NAME
Personal name Raghavan, P.
245 ## - TITLE STATEMENT
Title Rational design and fatigue properties of robust rubber nanocomposites for a sustainable future
260 ## - PUBLICATION, DISTRIBUTION, ETC. (IMPRINT)
Name of publisher International Rubber Conference-Rubber Con 2024: Sustainable Development in Rubber Industry-Challenges and Opportunities, 5-7 December 2024, Indian Rubber Institute, Kochi, India, p. 90.
300 ## - PHYSICAL DESCRIPTION
Other physical details Abstract only
650 ## - SUBJECT ADDED ENTRY--TOPICAL TERM
Topical Term Nanocomposite
650 ## - SUBJECT ADDED ENTRY--TOPICAL TERM
Topical Term Sustainability
650 ## - SUBJECT ADDED ENTRY--TOPICAL TERM
Topical Term Rubber composite
650 ## - SUBJECT ADDED ENTRY--TOPICAL TERM
Topical Term Nanofillers
650 ## - SUBJECT ADDED ENTRY--TOPICAL TERM
Topical Term Fatigue properties
700 ## - ADDED ENTRY--PERSONAL NAME
Personal name David, D.A.
700 ## - ADDED ENTRY--PERSONAL NAME
Personal name Sasidharan, S.P.
700 ## - ADDED ENTRY--PERSONAL NAME
Personal name George, J.
942 ## - ADDED ENTRY ELEMENTS (KOHA)
Koha item type Journals
Holdings
Withdrawn status Lost status Damaged status Not for loan Home library Current library Date acquired Koha item type
        RRII Library RRII Library 24/09/2025 Journals